00871nam a2200205 i 4500001000300000245025700003260006400260300004000324546003100364651003400395700002700429022001300456040000800469041001300477044000800490080001500498080001300513008004100526856009800567bg00aInformator o sytuacji społeczno-gospodarczej Gdańska za 2010 rok =bInformation on social and economic situation of Gdańsk for the year 2010 /c[red. zespół Jerzy Auksztol et al.] ; Urząd Statystyczny w Gdańsku, Urząd Miejski w Gdańsku. aGdańsk :bUrząd Statystyczny :bUrząd Miejski,c2011. a235, [1] s. :bgł. tabl. ;c24 cm. aTekst równol pol. i ang. 4aGdańsky2010 r.vstatystyka1 aAuksztol, Jerzy.eRed. a15057186 cBPK1 apolaeng aPOL a311.3(438) a(083.41)130116s2011 pl a f |000 0 pol  uhttp://koha.tu.koszalin.pl/cgi-bin/koha/opac-detail.pl?biblionumber=53909yKatalog online BPK